Best Picture at Oscars with "W" in the title - Statistics

General Stats
  • This quiz has been taken 146 times
  • The average score is 11 of 18
Answer Stats
Year Answer % Correct
1940 Gone with the Wind
87%
1928/29 Wings
78%
1991 Dances With Wolves
77%
1976 One Flew over the Cuckoo's Nest
69%
2018 The Shape of Water
68%
1962 West Side Story
68%
1955 On the Waterfront
65%
1942 How Green Was My Valley
61%
1970 Midnight Cowboy
61%
1958 The Bridge on the River Kwai
59%
1930/31 All Quiet on the Western Front
57%
1963 Lawrence of Arabia
55%
1945 Going My Way
50%
1929/30 The Broadway Melody
46%
1957 Around the World in 80 Days
44%
1946 The Lost Weekend
41%
1939 You Can't Take It With You
41%
1953 The Greatest Show on Earth
40%
No matching quizzes found
Score Distribution
Percent of People with Each Score
Percentile by Number Answered
Your Score History
You have not taken this quiz